| 000 | 01013nam1a2200289 i 4500 | ||
|---|---|---|---|
| 001 | RU\NLR\bibl\284088 | ||
| 005 | 20260406132644.0 | ||
| 035 | _a(NLR Aleph) 000279529 | ||
| 090 |
_a1635541 _c1635541 |
||
| 100 | _a20020705g20009999u y0rusy50 ca | ||
| 101 | 1 | _arus | |
| 102 | _aRU | ||
| 105 | _aa ||||||||| | ||
| 200 | 1 |
_aПознай самого себя _eДжнани-йога _e[Пер.] _fОмраам Микаэль Айванхов |
|
| 210 |
_aМ. _cПросвета _d2000 |
||
| 215 | _d22 | ||
| 225 | 1 |
_aПолное собрание сочинений _v... |
|
| 463 | 0 | _1001120700 | |
| 463 | 0 | _1001271436 | |
| 601 | 0 | 2 |
_aВсемирное Белое Братство _92079262 _3RU\NLR\auth\661255139 |
| 686 | _aЭ378.151.18 | ||
| 700 | 1 |
_4070 _8rus _7ca _aАйванхов _bО. М. _f1900-1986 _gОмраам Микаэль _3RU\NLR\auth\771946 _9111963 |
|
| 801 | 0 |
_aRU _bNLR _c20020705 _gPSBO |
|
| 801 | 1 |
_aRU _bNLR _c20020705 |
|
| 852 |
_aNLR _j2000-5/3835 |
||
| 942 | _cBOOK | ||